00418nam a2200145 a 450000500170000000800410001702000230005804100080008108200170008924500740010626000450018030000180022550400100024365000190025320260507135447.0260507s2026##################000#0#eng## a9781841130255qhbk aeng04a341.2422 SNY10aThe Europeanisation of LawbThe Legal Effects of European Integration aNorth AmericabHart Publishing c/oc2000 a348p. :c20cm aindex aLaw of nations